| 000 | 00384nam a22001457a 4500 | ||
|---|---|---|---|
| 020 | _qPB. | ||
| 040 | _cFIZZA ISHAQ | ||
| 082 |
_a005.1 _bREB |
||
| 100 |
_aBROCK, WIRFS REBECCA. _989670 |
||
| 245 |
_aDESIGNING OBJECT ORIENTED SOFTWARE / _cREBECCA WIRFS BROCK. |
||
| 250 | _a1st ED. | ||
| 260 |
_bPEARSON, _c1990. |
||
| 300 | _a341 P. ; | ||
| 942 |
_2ddc _cBK |
||
| 999 |
_c588291 _d588291 |
||